Missing Word: 1995 Top Ten Hits Quiz Stats

 Plays Quiz Updated Jan 30, 2018

Challenge
Share
Tweet
Embed
Score 0/18 Timer 03:00
0 Plays Today
Title Word % Correct
Total ______ Of The HeartEclipse
94.3%
Gangsta's ______Paradise
83.8%
Kiss From A ______Rose
82.9%
You Are Not ______Alone
65.1%
When I Come _______Around
61.8%
Take A _______Bow
44.4%
The ______ SongChanukah
42.3%
______ For GoodBack
35.9%
Let Her _______Cry
35.6%
Title Word % Correct
Big ______Poppa
30.4%
______ EnoughStrong
27.2%
One ______ DaySweet
27.2%
Red Light ______Special
19.2%
______ To MeRoll
17.7%
Keep Their Heads _______Ringin'
14.4%
______ Like MeFreak
13.1%
______ (Shoop Shoop Song)Exhale
10.3%
Hey ______Lover
9.7%

Today's Daily Dose

You're not logged in!

Compare scores with friends on all Sporcle quizzes.
OR
Log In

You Might Also Like...

Show Comments

Extras

Top Quizzes Today


Score Distribution

Your Account Isn't Verified!

In order to create a playlist on Sporcle, you need to verify the email address you used during registration. Go to your Sporcle Settings to finish the process.

Report this User

Report this user for behavior that violates our Community Guidelines.

Details: